1447 1339 1733 1513 1597 1188 1111 1866 1685 1827 1320 1616 1657 1103 1037 1730 1398 1249 1653 1242 1505 1196 1957 1567 1079 1611 1841 1393 1934 1803 1810 1457 1601 1338 1468 1503 1010 1589 1761 1609 1549 1239 1445 1888 1127 1351 1222 1145 1514 1076 1063 1956 1279 1041 1700 1880 1870 1639 1751 1695 1217 1816 1854 1263 1445 1349 1920 1584 1849 1238 1276 1798 1236 1460 1965 1866 1200 1622 1643 1421 1224 1597 1075 1342 1806 1473 1699 1227 1709 1923 1842 1855 1469 1096 1361 1200 1287 1731 1978 BCNSPRNW ULIB Ver.6.0+V

เปลี่ยนเป็นภาษาไทย

Change to English
 แสดงรายละเอียดบรรณานุกรม
  กลับหน้าหลัก

Brief Record : Get Marc (ISO 2709) : E-mail record : QR code < ปิดหน้าต่าง
LEADER : 00000nam 2200000uu 4500
001    13399122817
003     ULIB
008    020711s2544 th a 000 0 tha d
020    9789744460172
020    9744460172
090    นว.^bพ656พ ล.2
100    พนมเทียน
245    เพชรพระอุมา : ดงมรณะ ล.2 /^cพนมเทียน
260    กรุงเทพฯ :^bณ บ้านวรรณกรรม,^c2544
300    456 หน้า
945    ^p200^l0^i034042
999    ^aกมลทิพย์ ธนสารสุธี
รายการนี้ยังไม่มีแท็ก
คุณยังไม่ได้ล็อกอิน คุณสามารถมีกิจกรรมร่วมกับเว็บไซต์ได้ แต่ต้องล็อกอินก่อน ::
  ล็อกอิน

รายการสื่อสารสนเทศ

ลำดับที่ ประเภท เลขเรียก/บาร์โค้ด สถานที่ สถานะ
1. นวนิยาย
นวนิยาย
นว. พ656พ ล.2 ฉ.1 
  Barcode: 034042
ห้องสมุดวิทยาเขตสวรรค์ประชารักษ์
►นวนิยาย
บนชั้น
  ขอยืม

รายการใกล้เคียง
    ผู้แต่ง [พนมเทียน]

BibComment


ยังไม่เคยถูกคอมเมนท์

คอมเมนท์ทรัพยากรรายการนี้
  คอมเมนท์: เพชรพระอุมา ดงมร..


 Copyright 2026. Bcnsprnw @Library